000 01233nam0a22002651 4500
001 rc\524209
005 20260407115936.0
010 _a5-376-00488-0
_9510
035 _a(NLR Aleph) 005763085
090 _a4959721
_c4959721
100 _a20030616d1988 |||y0rusy50 ca
101 0 _arus
102 _aRU
105 _aa |||||||||
200 1 _aПотенциальная лежкоспособность плодов и ее реализация при хранении
_e[Сб. ст.]
_fАН МССР, Ин-т физиологии и биохимии растений, Координац. совет по респ. межотрасл. науч.-техн. пробл. "Хранение"
_g[Редкол.: Б.Т. Матиенко (отв. ред.) и др.]
210 _aКишинев
_cШтиинца
_d1988
215 _a141, [1] с.
_cил.
_d22
320 _aБиблиогр. в конце ст.
702 1 _aМатиенко
_bБ.Т.
_gБорис Тимофеевич
_4340
712 0 2 _aИнститут физиологии и биохимии растений
_cКишинев
_3RU\NLR\AUTH\889950066
_9395892
801 0 _aRU
_bNLR
_gpsbo
801 1 _aRU
_bELAR
_2rusmarc
852 _aNLR
_j88-5/5485
942 _cBOOK
980 _aNB